| 000 | 00469nam a2200157Ia 4500 | ||
|---|---|---|---|
| 008 | 240729s9999 xx 000 0 und d | ||
| 022 | _a2166-7403 | ||
| 245 | 0 | _aCentral Asian Journal of Global Health | |
| 260 | _aUnited States | ||
| 260 | _bUniversity Library System, University of Pittsburgh | ||
| 650 | _a Public aspects of medicine | ||
| 650 | _aMedicine | ||
| 856 | _uhttps://doaj.org/toc/21e65531fc024f25b7eaaf415a6bcac1 | ||
| 942 | _2ddc | ||
| 942 | _cDOAJEJ | ||
| 999 |
_c66663 _d66663 |
||
| 945 |
_a1 _bMadushi Gamage _c1 _dMadushi Gamage |
||